[Event "Stare Mesto 2021"]
[Site "?"]
[Date "2021.08.17"]
[Round "4.15"]
[White "Sudrich, Radek"]
[Black "Machacek, Jan"]
[Result "1-0"]
[WhiteElo "2033"]
[BlackElo "1891"]
[PlyCount "101"]
[EventDate "2021.??.??"]

1. d4 Nf6 2. c4 e6 3. Nf3 d5 4. Nc3 c6 5. cxd5 exd5 6. Qc2 g6 7. Bg5 Be7 8. e3
Bf5 9. Bd3 Bxd3 10. Qxd3 O-O 11. O-O Nbd7 12. Bh6 Re8 13. h3 Nb6 14. Ne5 Bd6
15. f4 Ne4 16. Nxe4 dxe4 17. Qb3 Qf6 18. Ng4 Qe6 19. Qxe6 Rxe6 20. f5 gxf5 21.
Rxf5 Nd5 22. Raf1 Bf8 23. Bxf8 Rxf8 24. Nf6+ Nxf6 25. Rxf6 Rxf6 26. Rxf6 Re8
27. g4 Kg7 28. Rf5 Re6 29. Kg2 f6 30. Kg3 Re7 31. Kf4 Kg6 32. b4 Re6 33. a4 b6
34. b5 cxb5 35. axb5 h6 36. h4 Re7 37. d5 a5 38. bxa6 Ra7 39. d6 Rxa6 40. Rd5
Ra8 41. Kxe4 Kf7 42. Rb5 Ke6 43. Rxb6 Ra4+ 44. Kf3 h5 45. g5 fxg5 46. hxg5 Rg4
47. g6 Kd7 48. e4 Rxg6 49. e5 h4 50. Rb7+ Kd8 51. Rh7 1-0

[Event "Stare Mesto 2021"]
[Site "?"]
[Date "2021.08.17"]
[Round "4.16"]
[White "Bambuch, Tomas"]
[Black "Knotek, Josef"]
[Result "0-1"]
[WhiteElo "1337"]
[BlackElo "1949"]
[PlyCount "114"]
[EventDate "2021.??.??"]

1. e4 c5 2. Nf3 e6 3. c3 d5 4. exd5 exd5 5. d4 Nc6 6. Bb5 Qb6 7. Qe2+ Nge7 8.
dxc5 Qxc5 9. Be3 Qd6 10. Nd4 Bd7 11. Nd2 O-O-O 12. N2f3 h6 13. O-O Kb8 14. a4
g5 15. Nxc6+ Nxc6 16. Rfd1 Bg7 17. a5 Rhe8 18. Qd2 Bg4 19. Be2 Qc7 20. Bd4 Nxd4
21. Nxd4 Bxe2 22. Nxe2 Qc4 23. Nd4 Bxd4 24. Qxd4 Qxd4 25. Rxd4 Re2 26. Rb1 Kc7
27. Kf1 Rc2 28. Rd3 f5 29. Rbd1 Rxb2 30. Rxd5 Rxd5 31. Rxd5 Rc2 32. Rxf5 Rxc3
33. h4 gxh4 34. Rh5 Rc6 35. Rxh4 Re6 36. g3 Kc6 37. Rc4+ Kb5 38. Rc7 Ka6 39. f4
b5 40. axb6 axb6 41. f5 Rf6 42. g4 h5 43. Rc4 hxg4 44. Rxg4 Rxf5+ 45. Ke1 Rd5
46. Rg2 Kb5 47. Rd2 Rxd2 48. Kxd2 Kb4 49. Kc2 Ka3 50. Kb1 Kb3 51. Ka1 Kc2 52.
Ka2 b5 53. Ka3 Kc3 54. Ka2 b4 55. Kb1 Kb3 56. Ka1 Kc2 57. Ka2 b3+ 0-1

[Event "FIDE OPEN Stare Mesto 2021 A"]
[Site "Stare Mesto, CZE"]
[Date "2021.08.16"]
[Round "4.17"]
[White "Kopecky, Matej"]
[Black "Antal, Jakub"]
[Result "1/2-1/2"]
[WhiteElo "1532"]
[BlackElo "1940"]
[PlyCount "85"]
[EventDate "2021.08.13"]

1. Nf3 Nf6 2. d4 c5 3. c3 b6 4. Bf4 Bb7 5. Nbd2 g6 6. e3 Bg7 7. dxc5 bxc5 8.
Qb3 Qc8 9. Be2 O-O 10. O-O d6 11. Nc4 Nc6 12. Rad1 d5 13. Nce5 Nh5 14. Nxc6
Bxc6 15. Be5 f6 16. Bg3 Nxg3 17. hxg3 c4 18. Qc2 e5 19. b3 cxb3 20. axb3 Qb7
21. Rc1 Rab8 22. b4 Bb5 23. Bxb5 Qxb5 24. Rfd1 Rfd8 25. Qa2 Rd7 26. e4 Rbd8 27.
exd5 Rxd5 28. Rxd5 Qxd5 29. Qxa7 Rc8 30. Qe3 Bf8 31. Ne1 Qb3 32. Qd2 e4 33. Qd4
Bh6 34. Rd1 f5 35. Qd7 Rxc3 36. Qd8+ Bf8 37. Kf1 Qc4+ 38. Kg1 Qxb4 39. Qd5+ Kg7
40. Qe5+ Kh6 41. Qf4+ Kg7 42. Qe5+ Kh6 43. Qf4+ 1/2-1/2

[Event "FIDE OPEN Stare Mesto 2021 A"]
[Site "Stare Mesto, CZE"]
[Date "2021.08.16"]
[Round "4.18"]
[White "Uricar, Zdenek"]
[Black "Travnicek, Jaroslav"]
[Result "1/2-1/2"]
[WhiteElo "1917"]
[BlackElo "1743"]
[PlyCount "120"]
[EventDate "2021.08.13"]

1. e4 e5 2. Nf3 Nf6 3. d4 exd4 4. e5 Ne4 5. Qxd4 d5 6. exd6 Nxd6 7. Bg5 f6 8.
Bf4 Nc6 9. Qe3+ Qe7 10. Qxe7+ Bxe7 11. Nc3 Bg4 12. Nd5 O-O-O 13. Nxe7+ Nxe7 14.
O-O-O Ne4 15. Rxd8+ Rxd8 16. Be3 a6 17. Bd3 Bf5 18. Nd4 Nd6 19. Nxf5 Nexf5 20.
Bc5 g6 21. Re1 Kd7 22. f4 Re8 23. Rxe8 Kxe8 24. g4 Ne7 25. c4 Kd7 26. h4 Ke6
27. Kd2 h6 28. Ke3 f5 29. g5 h5 30. b4 Nc6 31. b5 axb5 32. cxb5 Ne7 33. Bxd6
Kxd6 34. Kd4 Nd5 35. a4 b6 36. Bc4 Nxf4 37. Bf7 Ke7 38. Bc4 Ng2 39. Ke5 Nxh4
40. Bd5 f4 41. Kxf4 Nf5 42. Ke5 Nd6 43. Bb3 Nf7+ 44. Kf4 h4 45. Bc2 h3 46. Bxg6
Kd6 47. Be4 h2 48. g6 Nd8 49. Kg3 Ne6 50. Kxh2 Ke5 51. Bb1 Kf6 52. Kg3 Nf8 53.
Kf4 Nxg6+ 54. Ke4 Ne7 55. Kd4 Ke6 56. Be4 Kd6 57. Kc4 Ke5 58. Bh1 Nc8 59. Bc6
Nd6+ 60. Kb4 Kd4 1/2-1/2

[Event "FIDE OPEN Stare Mesto 2021 A"]
[Site "Stare Mesto, CZE"]
[Date "2021.08.16"]
[Round "4.19"]
[White "Blazek, Matej"]
[Black "Setina, Vaclav"]
[Result "1-0"]
[WhiteElo "1743"]
[BlackElo "1607"]
[PlyCount "69"]
[EventDate "2021.08.13"]

1. e4 c5 2. Nc3 Nc6 3. Bb5 g6 4. f4 Bg7 5. Nf3 a6 6. Bxc6 dxc6 7. O-O Nf6 8. d3
O-O 9. Qe1 Qc7 10. Qh4 b5 11. Ng5 h6 12. Nf3 h5 13. Ng5 Qd7 14. h3 Nh7 15. Nxh7
Kxh7 16. f5 Bf6 17. Qf4 Bg7 18. g4 Qd6 19. Qf3 hxg4 20. hxg4 Rh8 21. Bf4 e5 22.
Be3 gxf5 23. gxf5 Bh6 24. Bxh6 Qxh6 25. Qh1 Kg7 26. Qxh6+ Rxh6 27. Kg2 Bb7 28.
Rh1 Rxh1 29. Rxh1 Rd8 30. Kg3 c4 31. dxc4 b4 32. Na4 Rd4 33. Nc5 Bc8 34. b3 Bd7
35. Kf3 1-0

[Event "FIDE OPEN Stare Mesto 2021 A"]
[Site "Stare Mesto, CZE"]
[Date "2021.08.16"]
[Round "4.20"]
[White "Vylicil, Adam"]
[Black "Babula, Matej"]
[Result "1-0"]
[WhiteElo "1884"]
[BlackElo "1537"]
[PlyCount "77"]
[EventDate "2021.08.13"]

1. d4 d5 2. Bf4 Nf6 3. e3 e6 4. Nd2 Bd6 5. Bg3 O-O 6. Bd3 b6 7. c3 c5 8. Qe2
Nc6 9. Ngf3 Re8 10. Ne5 Bxe5 11. dxe5 Nd7 12. Nf3 f5 13. exf6 Nxf6 14. Ne5 Bb7
15. Rd1 Rf8 16. O-O Qe8 17. Ng4 Nxg4 18. Qxg4 e5 19. Qh4 e4 20. Bc2 Ne7 21. Qh3
Qg6 22. Qd7 Ba6 23. Qxe7 Bxf1 24. Kxf1 Rf5 25. Qb7 Raf8 26. Rxd5 R5f7 27. Rd7
Qe6 28. Rxf7 Rxf7 29. Qxe4 Qxa2 30. Qxh7+ Kf8 31. Qh8+ Ke7 32. Bh4+ Kd7 33.
Qd8+ Kc6 34. Qe8+ Kb7 35. Qe4+ Kc7 36. Bg3+ Kd7 37. Ba4+ b5 38. Bxb5+ Kc8 39.
Qa8# 1-0

[Event "FIDE OPEN Stare Mesto 2021 A"]
[Site "Stare Mesto, CZE"]
[Date "2021.08.16"]
[Round "4.21"]
[White "Delgerdalai, Bayarjavkhlan"]
[Black "Hyks, Jan"]
[Result "1-0"]
[WhiteElo "1876"]
[BlackElo "1533"]
[PlyCount "55"]
[EventDate "2021.08.13"]

1. e4 c5 2. Nf3 e6 3. d4 cxd4 4. Nxd4 Nf6 5. Nc3 Bb4 6. Bd3 Nc6 7. Nxc6 dxc6 8.
O-O Bxc3 9. bxc3 e5 10. Ba3 b6 11. Qf3 c5 12. Qg3 Qe7 13. Qxg7 Rg8 14. Qh6 Qe6
15. f3 Bd7 16. Rfd1 O-O-O 17. Ba6+ Kc7 18. Qe3 Rg6 19. Bxc5 Rdg8 20. Bd6+ Kd8
21. Bf1 Nh5 22. Rab1 Nf4 23. g3 Rxg3+ 24. hxg3 Qh6 25. Qf2 Nh3+ 26. Bxh3 Qxh3
27. Bxe5 Rg5 28. Bf6+ 1-0

[Event "FIDE OPEN Stare Mesto 2021 A"]
[Site "Stare Mesto, CZE"]
[Date "2021.08.16"]
[Round "4.22"]
[White "Zadrapa, Jakub"]
[Black "Vaculik, Martin"]
[Result "0-1"]
[WhiteElo "1570"]
[BlackElo "1862"]
[PlyCount "70"]
[EventDate "2021.08.13"]

1. e4 c5 2. Nf3 d6 3. d4 cxd4 4. Nxd4 Nf6 5. Nc3 g6 6. Be3 Bg7 7. f3 O-O 8. Qd2
Nc6 9. Bc4 Bd7 10. O-O-O Rc8 11. Bb3 Ne5 12. h4 h5 13. Bg5 Rc5 14. g4 hxg4 15.
f4 Nc4 16. Qe2 Na5 17. f5 gxf5 18. exf5 Nxb3+ 19. Nxb3 Re5 20. Qd2 Bxf5 21.
Bxf6 Bxf6 22. Nd4 Bd7 23. Rdg1 Bg7 24. Nf3 Rh5 25. Ng5 Qa5 26. Qe2 Qe5 27. Qf2
Qd4 28. Qe2 Qe5 29. Qf2 Bh6 30. Kb1 Bxg5 31. hxg5 Qxg5 32. Ne4 Qg6 33. Rxh5
Qxh5 34. Ng3 Qg6 35. Rh1 f5 0-1

[Event "FIDE OPEN Stare Mesto 2021 A"]
[Site "Stare Mesto, CZE"]
[Date "2021.08.16"]
[Round "4.23"]
[White "Stehlik, Jiri"]
[Black "Kosata, Jiri"]
[Result "1-0"]
[WhiteElo "1847"]
[BlackElo "1325"]
[PlyCount "45"]
[EventDate "2021.08.13"]

1. c4 c5 2. Nc3 Nc6 3. g3 Nf6 4. Bg2 d6 5. Nf3 e5 6. O-O Be6 7. Ng5 Bxc4 8. Qa4
Be6 9. Nxe6 fxe6 10. Bxc6+ bxc6 11. Qxc6+ Nd7 12. Ne4 Qb8 13. d3 a5 14. Ng5 Ke7
15. f4 h6 16. Nf3 exf4 17. Bxf4 e5 18. Be3 Ra7 19. Nh4 Rg8 20. Qd5 Nf6 21. Rxf6
gxf6 22. Qxg8 Qxb2 23. Ng6+ 1-0

[Event "FIDE OPEN Stare Mesto 2021 A"]
[Site "Stare Mesto, CZE"]
[Date "2021.08.16"]
[Round "4.24"]
[White "Kunc, Miroslav"]
[Black "Vicar, Lubomir"]
[Result "0-1"]
[WhiteElo "1439"]
[BlackElo "1826"]
[PlyCount "64"]
[EventDate "2021.08.13"]

1. e4 d5 2. exd5 Nf6 3. Nf3 Nxd5 4. d4 g6 5. Bc4 Bg7 6. O-O O-O 7. Nc3 Nxc3 8.
bxc3 c5 9. Be3 Nc6 10. d5 Na5 11. Be2 Bxc3 12. Rb1 b6 13. Ng5 Bb7 14. Bf3 Qc7
15. Qd3 Bg7 16. Bd2 c4 17. Qe2 c3 18. Be3 Nc4 19. Rfd1 Nd6 20. Bf4 Qc4 21. Bxd6
Qxe2 22. Bxe2 exd6 23. Ne4 Rfd8 24. Rb3 Rac8 25. Rd3 Ba6 26. Re3 Bxe2 27. Rxe2
f5 28. Ng5 Rc5 29. Kf1 Rxd5 30. Ne6 Rd1+ 31. Re1 Rxe1+ 32. Kxe1 Re8 0-1

[Event "FIDE OPEN Stare Mesto 2021 A"]
[Site "Stare Mesto, CZE"]
[Date "2021.08.16"]
[Round "4.25"]
[White "Hobza, Radek"]
[Black "Janek, Jiri"]
[Result "0-1"]
[WhiteElo "1323"]
[BlackElo "1782"]
[PlyCount "90"]
[EventDate "2021.08.13"]

1. Nf3 Nf6 2. c4 c6 3. Nc3 d5 4. e3 e6 5. a3 Bd6 6. cxd5 exd5 7. Be2 O-O 8. O-O
Bg4 9. d4 Nbd7 10. b3 Qc7 11. h3 Bh5 12. Bb2 Rae8 13. Rc1 Qb8 14. Re1 Re7 15.
Nh4 Bxe2 16. Rxe2 g6 17. Qd2 Rfe8 18. Rce1 Ne4 19. Qc2 f5 20. Nf3 Nxc3 21. Bxc3
Bxa3 22. b4 Nb6 23. Ne5 a5 24. bxa5 Nd7 25. Qa2 Bd6 26. Nxd7 Rxd7 27. Rb1 Qa7
28. Reb2 f4 29. Bd2 fxe3 30. Bxe3 Kg7 31. Rb6 Bc7 32. Rxb7 Bh2+ 33. Kxh2 Rxb7
34. Rxb7+ Qxb7 35. Qa3 Qc7+ 36. g3 Ra8 37. Bd2 Ra7 38. Qe3 Qe7 39. Qh6+ Kg8 40.
Qf4 Qc7 41. Qf6 Qf7 42. Qd8+ Qf8 43. Qb6 Qxf2+ 44. Kh1 Re7 45. Qb8+ Kg7 0-1

[Event "FIDE OPEN Stare Mesto 2021 A"]
[Site "Stare Mesto, CZE"]
[Date "2021.08.16"]
[Round "4.26"]
[White "Tomecek, Marian"]
[Black "Oharek, Vlastimil"]
[Result "0-1"]
[WhiteElo "1310"]
[BlackElo "1688"]
[PlyCount "86"]
[EventDate "2021.08.13"]

1. Nf3 d5 2. d4 Nf6 3. g3 g6 4. Bg2 Bg7 5. O-O O-O 6. b3 Nbd7 7. Bb2 b6 8. Nbd2
Bb7 9. c4 dxc4 10. Nxc4 c5 11. e3 cxd4 12. exd4 Nd5 13. Qd2 Re8 14. Rab1 N7f6
15. Rfe1 Rc8 16. Nce5 Qd6 17. Ng5 Rf8 18. Nc4 Qd8 19. Nf3 Rc7 20. Nce5 Nd7 21.
Rbc1 Nxe5 22. dxe5 e6 23. Rxc7 Qxc7 24. Qg5 Qd8 25. Qg4 Ne7 26. Ng5 Bxg2 27.
Kxg2 h5 28. Qe2 Nf5 29. h4 Qd5+ 30. Kg1 Rd8 31. Ba1 Bf8 32. Qa6 Qa8 33. Qc4 Rc8
34. Qa4 Qb7 35. b4 b5 36. Qb3 Rc4 37. a3 Be7 38. Qd1 Qc7 39. Qd2 Qc6 40. Qe2
Nxh4 41. f4 Rc2 42. Qe4 Qxe4 43. Nxe4 Nf3+ 0-1

[Event "FIDE OPEN Stare Mesto 2021 A"]
[Site "Stare Mesto, CZE"]
[Date "2021.08.16"]
[Round "4.28"]
[White "Stara, Zuzana"]
[Black "Beinhauer, Bernard"]
[Result "0-1"]
[WhiteElo "1209"]
[BlackElo "1575"]
[PlyCount "92"]
[EventDate "2021.08.13"]

1. e4 c5 2. Nf3 Nc6 3. d4 cxd4 4. Nxd4 e6 5. Nc3 Qc7 6. Be3 a6 7. Be2 Nf6 8.
Qd2 Bb4 9. a3 Nxe4 10. Qd3 Bxc3+ 11. bxc3 Ne5 12. Qd1 Qxc3+ 13. Kf1 Nc4 14.
Bxc4 Qxc4+ 15. Qd3 d5 16. Qxc4 dxc4 17. Nf3 b5 18. Rd1 O-O 19. h4 Bb7 20. h5
Rad8 21. Rxd8 Rxd8 22. Ke1 h6 23. Nd2 Nxd2 24. Bxd2 Be4 25. c3 Bxg2 26. Rh2 Bf3
27. Rh3 Rd3 28. Rh4 Rd5 29. Rd4 Rxh5 30. Be3 Rh1+ 31. Kd2 Rd1+ 32. Kc2 Rxd4 33.
cxd4 Be2 34. Kc3 a5 35. Bd2 b4+ 36. axb4 axb4+ 37. Kxb4 f5 38. Kc5 Kf7 39. Kd6
Kf6 40. f4 g5 41. fxg5+ hxg5 42. Bc3 Kf7 43. Bd2 f4 44. Ke5 f3 45. Be1 c3 46.
Ke4 c2 0-1

[Event "FIDE OPEN Stare Mesto 2021 A"]
[Site "Stare Mesto, CZE"]
[Date "2021.08.16"]
[Round "4.30"]
[White "Vodak, Vojtech"]
[Black "Hornak, Ondrej"]
[Result "1-0"]
[WhiteElo "1587"]
[BlackElo "1525"]
[PlyCount "55"]
[EventDate "2021.08.13"]

1. d4 d5 2. Bf4 Bf5 3. Nf3 Nf6 4. c3 e6 5. e3 c5 6. Bd3 Bxd3 7. Qxd3 cxd4 8.
cxd4 Nc6 9. O-O Bd6 10. Bxd6 Qxd6 11. Nbd2 O-O 12. Rac1 Rac8 13. a3 Rc7 14. Rc3
Rfc8 15. Rfc1 a6 16. Qc2 h6 17. Ne5 Ne8 18. Nd3 b6 19. Qa4 Nb8 20. Rxc7 Nxc7
21. Rc3 Kf8 22. Qc2 Ke7 23. Ne5 b5 24. Nb3 g6 25. Na5 Qb6 26. b4 Kf8 27. Nac6
Kg7 28. Ne7 1-0

[Event "FIDE OPEN Stare Mesto 2021 A"]
[Site "Stare Mesto, CZE"]
[Date "2021.08.16"]
[Round "4.31"]
[White "Rybackova, Lucie"]
[Black "Rybacek, Martin"]
[Result "1-0"]
[WhiteElo "1534"]
[BlackElo "1366"]
[PlyCount "97"]
[EventDate "2021.08.13"]

1. e4 c5 2. d4 e6 3. d5 exd5 4. exd5 d6 5. Nf3 Nf6 6. Bb5+ Bd7 7. Bxd7+ Nbxd7
8. O-O Be7 9. c4 O-O 10. Nc3 Nb6 11. b3 Re8 12. Bb2 a6 13. Qc2 h6 14. Nd2 Ng4
15. h3 Ne5 16. f4 Ng6 17. Nce4 Nd7 18. f5 Nge5 19. f6 Nxf6 20. Bxe5 Nxe4 21.
Nxe4 dxe5 22. Qf2 f6 23. Nxc5 Bxc5 24. Qxc5 Rc8 25. Qe3 Qd6 26. Qe4 Qc5+ 27.
Kh1 Qd4 28. Qxd4 exd4 29. Rf4 d3 30. Rd4 Re3 31. Rd1 Re2 32. a4 b5 33. axb5
axb5 34. R1xd3 bxc4 35. bxc4 Rc2 36. d6 Rd8 37. d7 Kf7 38. Re4 f5 39. Rf4 Ke6
40. Rfd4 Ke7 41. Re3+ Kf7 42. Re5 Kf8 43. Rxf5+ Ke7 44. Re5+ Kf7 45. c5 Rc1+
46. Kh2 g5 47. Rd6 Rc4 48. c6 Rc2 49. Rxh6 1-0

[Event "FIDE OPEN Stare Mesto 2021 A"]
[Site "Stare Mesto, CZE"]
[Date "2021.08.16"]
[Round "4.32"]
[White "Burita, Dobroslav"]
[Black "Blazek, Tomas"]
[Result "1/2-1/2"]
[WhiteElo "1712"]
[BlackElo "1591"]
[PlyCount "28"]
[EventDate "2021.08.13"]

1. Nf3 Nf6 2. c4 d6 3. Nc3 e5 4. d3 Be7 5. g3 Bg4 6. Bg2 c6 7. O-O Qd7 8. b3
Bh3 9. Qc2 Bxg2 10. Kxg2 c5 11. e3 Nc6 12. a3 d5 13. Ne2 h5 14. h4 O-O 1/2-1/2

[Event "FIDE OPEN Stare Mesto 2021 A"]
[Site "Stare Mesto, CZE"]
[Date "2021.08.16"]
[Round "4.33"]
[White "Soucek, Andrej"]
[Black "Bata, Jiri"]
[Result "0-1"]
[WhiteElo "1318"]
[BlackElo "1593"]
[PlyCount "68"]
[EventDate "2021.08.13"]

1. e4 e5 2. Nf3 f5 3. Nxe5 Qf6 4. d4 d6 5. Nf3 fxe4 6. Qe2 Qe7 7. Ng5 Nf6 8.
Nd2 d5 9. c4 Nc6 10. Nb3 Nb4 11. cxd5 Nd3+ 12. Kd1 h6 13. Ne6 Bxe6 14. dxe6
Qxe6 15. f3 O-O-O 16. Be3 Nd5 17. Rb1 N3b4 18. Nc5 Bxc5 19. Bd2 Be7 20. fxe4
Nf6 21. e5 Nfd5 22. g3 Qf5 23. Rc1 Rhf8 24. Bg2 Qf2 25. Qg4+ Kb8 26. Bxd5 Rxd5
27. Rc4 Nc6 28. Qxg7 Qf3+ 29. Kc2 Qxh1 30. Rxc6 bxc6 31. Qxe7 Qe4+ 32. Kb3 Rb5+
33. Bb4 Rf3+ 34. Kc4 Qc2+ 0-1

[Event "FIDE OPEN Stare Mesto 2021 B"]
[Site "Stare Mesto, CZE"]
[Date "2021.08.16"]
[Round "4.1"]
[White "Ludvicek, Josef"]
[Black "Lukas, Vojtech"]
[Result "1-0"]
[WhiteElo "1732"]
[BlackElo "1365"]
[PlyCount "49"]
[EventDate "2021.08.13"]

1. e4 e5 2. Nc3 Nf6 3. Nf3 Nc6 4. Bc4 d6 5. Ng5 Be6 6. Bxe6 fxe6 7. Nxe6 Qd7 8.
Nxf8 Rxf8 9. d3 h6 10. f3 O-O-O 11. Be3 Kb8 12. a3 g5 13. h4 Qg7 14. Qd2 Rg8
15. hxg5 hxg5 16. O-O-O d5 17. exd5 Nxd5 18. Nxd5 Rxd5 19. Rh5 g4 20. f4 Rd7
21. fxe5 Nxe5 22. Rg5 Qh8 23. Bxa7+ Ka8 24. Rxg8+ Qxg8 25. Qa5 1-0

[Event "FIDE OPEN Stare Mesto 2021 B"]
[Site "Stare Mesto, CZE"]
[Date "2021.08.16"]
[Round "4.2"]
[White "Nemec, Jakub"]
[Black "Sumsal, Vaclav"]
[Result "1-0"]
[WhiteElo "1194"]
[BlackElo "1845"]
[PlyCount "76"]
[EventDate "2021.08.13"]

1. d4 f5 2. Nc3 Nf6 3. Bf4 e6 4. Nb5 Na6 5. Nf3 Be7 6. Bg5 c6 7. Nc3 h6 8. Bd2
d6 9. e3 Nc7 10. Bd3 Ncd5 11. Qe2 Bd7 12. O-O-O Qc7 13. e4 fxe4 14. Nxe4 O-O-O
15. c4 Nxe4 16. cxd5 cxd5+ 17. Kb1 Nxd2+ 18. Qxd2 Kb8 19. Rc1 Bc6 20. Qe2 Rhe8
21. Bg6 Rf8 22. Qxe6 Qd7 23. Qxd7 Bxd7 24. h3 Rc8 25. Bd3 Rxc1+ 26. Rxc1 Bxh3
27. Bf1 Bf5+ 28. Ka1 Be4 29. Re1 Bd8 30. Be2 Bb6 31. Rd1 g5 32. Rh1 Rf6 33. a4
g4 34. Nh4 h5 35. f3 gxf3 36. gxf3 Bc2 37. Bd1 Bxd1 38. Rxd1 Rf4 {Dale
necitelne.} 1-0

[Event "FIDE OPEN Stare Mesto 2021 B"]
[Site "Stare Mesto, CZE"]
[Date "2021.08.16"]
[Round "4.3"]
[White "Stary, Simon"]
[Black "Sudrich, Radek"]
[Result "1-0"]
[WhiteElo "1143"]
[BlackElo "1204"]
[PlyCount "61"]
[EventDate "2021.08.13"]

1. e4 e5 2. Nc3 Nc6 3. g3 Nf6 4. Bg2 Bb4 5. Nge2 d6 6. O-O Be6 7. d3 O-O 8. f4
d5 9. f5 d4 10. fxe6 dxc3 11. exf7+ Rxf7 12. bxc3 Bxc3 13. Rb1 b6 14. Be3 Bd4
15. Nxd4 exd4 16. Bf4 Ne7 17. e5 Nfd5 18. Bg5 Rxf1+ 19. Qxf1 c6 20. Bxd5+ cxd5
21. Qf3 Rc8 22. Bxe7 Qxe7 23. Qxd5+ Qf7 24. Qxd4 Qxa2 25. Ra1 Qxc2 26. Re1 Qd2
27. Rf1 h6 28. e6 Rc2 29. Rf8+ Kh7 30. Qe4+ g6 31. Qb7+ 1-0

[Event "FIDE OPEN Stare Mesto 2021 B"]
[Site "Stare Mesto, CZE"]
[Date "2021.08.16"]
[Round "4.8"]
[White "Babica, Matyas"]
[Black "Vankova, Marie"]
[Result "0-1"]
[WhiteElo "1300"]
[BlackElo "1450"]
[PlyCount "74"]
[EventDate "2021.08.13"]

1. e4 e6 2. d4 d5 3. exd5 exd5 4. Nf3 Bg4 5. h3 Bh5 6. Bd3 Nc6 7. c3 Qd7 8. O-O
Bd6 9. Re1+ Nge7 10. Bg5 f6 11. Bh4 O-O-O 12. Nbd2 g5 13. Bg3 Bxg3 14. fxg3 g4
15. Nh2 f5 16. h4 Rhf8 17. Rf1 Qd6 18. Rf4 Bg6 19. Qb3 h5 20. a4 Be8 21. a5 a6
22. Qa2 Na7 23. b4 Nb5 24. Qb2 Bd7 25. Raf1 Be6 26. Nb3 Ng6 27. R4f2 Qxg3 28.
Bxf5 Bxf5 29. Rxf5 Qe3+ 30. Kh1 Rxf5 31. Rxf5 Qe1+ 32. Nf1 Qxh4+ 33. Kg1 Qe1
34. Qd2 Qxd2 35. Nfxd2 Nxc3 36. Rxh5 Rf8 37. Rg5 Ne2+ 0-1

[Event "Stare Mesto 2021"]
[Site "?"]
[Date "2021.08.17"]
[Round "5.1"]
[White "Svanda, Ondrej"]
[Black "Zpevak, Pavel"]
[Result "1/2-1/2"]
[WhiteElo "2312"]
[BlackElo "2350"]
[PlyCount "36"]
[EventDate "2021.??.??"]

1. e4 c5 2. Nf3 e6 3. g3 d5 4. exd5 exd5 5. d4 cxd4 6. Bg2 Nf6 7. O-O Be7 8.
Nxd4 Bg4 9. Qd3 O-O 10. h3 Bd7 11. Nf5 Bc5 12. Be3 Na6 13. Nd4 Qc8 14. g4 h5
15. f3 hxg4 16. hxg4 Nb4 17. Qd2 Re8 18. Bf2 Qc7 1/2-1/2

[Event "Stare Mesto 2021"]
[Site "?"]
[Date "2021.08.17"]
[Round "5.2"]
[White "Slovak, Kilian"]
[Black "Babula, Vlastimil"]
[Result "1/2-1/2"]
[WhiteElo "2209"]
[BlackElo "2167"]
[PlyCount "77"]
[EventDate "2021.??.??"]

1. e4 c5 2. Nf3 d6 3. d4 cxd4 4. Nxd4 Nf6 5. Nc3 a6 6. Be3 e5 7. Nde2 Be6 8. f4
Qc7 9. f5 Bc4 10. Nc1 Nbd7 11. Bxc4 Qxc4 12. Qd3 Qc6 13. Nb3 b5 14. O-O-O Be7
15. h3 Nc5 16. Nxc5 dxc5 17. Nd5 Rd8 18. Bg5 Nxd5 19. Bxe7 Kxe7 20. exd5 Qd6
21. g4 c4 22. Qe3 f6 23. Rhg1 Rhe8 24. g5 Kf8 25. Kb1 Rd7 26. Qe4 Red8 27. gxf6
Qxf6 28. Rge1 Qf7 29. Qxe5 Rxd5 30. Rxd5 Qxd5 31. Qe7+ Kg8 32. a3 Rf8 33. Rg1
Qd4 34. Qe6+ Kh8 35. Re1 a5 36. Qe5 Qd7 37. Qe6 Qd4 38. Qe5 Qd7 39. Qe6 1/2-1/2

[Event "Stare Mesto 2021"]
[Site "?"]
[Date "2021.08.17"]
[Round "5.3"]
[White "Neuman, Petr"]
[Black "Bosak, Jan"]
[Result "1-0"]
[WhiteElo "2402"]
[BlackElo "2076"]
[PlyCount "31"]
[EventDate "2021.??.??"]

1. Nf3 d5 2. c4 dxc4 3. e3 c5 4. Bxc4 Nf6 5. d4 e6 6. O-O Nc6 7. Qe2 cxd4 8.
Rd1 Be7 9. exd4 O-O 10. Nc3 Nb4 11. Ne5 Nbd5 12. Bg5 Bd7 13. Nxd5 exd5 14. Bxf6
gxf6 15. Nxd7 Qxd7 16. Bd3 1-0

[Event "Stare Mesto 2021"]
[Site "?"]
[Date "2021.08.17"]
[Round "5.4"]
[White "Kostka, Vit"]
[Black "Vokac, Marek"]
[Result "0-1"]
[WhiteElo "2145"]
[BlackElo "2370"]
[PlyCount "58"]
[EventDate "2021.??.??"]

1. e4 c5 2. Nf3 Nc6 3. d4 cxd4 4. Nxd4 Qb6 5. Nb3 Nf6 6. Nc3 e6 7. Be3 Qc7 8.
a3 Be7 9. f4 d6 10. Qf3 a6 11. O-O-O O-O 12. g4 b5 13. g5 Nd7 14. Kb1 b4 15.
axb4 Nxb4 16. Bc1 Bb7 17. Rg1 Rfc8 18. Bd3 Rab8 19. Qh3 g6 20. f5 exf5 21. exf5
Nxd3 22. fxg6 hxg6 23. Qxd3 Ne5 24. Qe3 Bf8 25. Rg3 Bg7 26. Qf4 Ba8 27. h4 a5
28. Qa4 Nc4 29. Nb5 Rxb5 0-1

[Event "Stare Mesto 2021"]
[Site "?"]
[Date "2021.08.17"]
[Round "5.5"]
[White "Horvath, Tomas"]
[Black "Husek, Martin"]
[Result "1-0"]
[WhiteElo "2080"]
[BlackElo "2241"]
[PlyCount "63"]
[EventDate "2021.??.??"]

1. e4 c5 2. c3 Nf6 3. e5 Nd5 4. Nf3 e6 5. d4 cxd4 6. cxd4 b6 7. Nc3 Nxc3 8.
bxc3 Qc7 9. Bd2 d6 10. Bd3 Bb7 11. O-O Nd7 12. Ng5 dxe5 13. Qh5 g6 14. Qh3 Be7
15. Rae1 Bd5 16. f4 f5 17. c4 Bxc4 18. Rc1 b5 19. Nxe6 Qb6 20. Bxf5 Nf8 21.
Ng7+ Kf7 22. fxe5 Kxg7 23. Bh6+ Kg8 24. Rxc4 gxf5 25. Rcc1 Qxd4+ 26. Kh1 Qd5
27. Qxf5 Qe6 28. Qe4 Qxh6 29. Qxa8 Kg7 30. Qe8 Qe6 31. Rc6 Ng6 32. Qxh8+ 1-0

[Event "Stare Mesto 2021"]
[Site "?"]
[Date "2021.08.17"]
[Round "5.6"]
[White "Travnicek, Krystof Mikulas"]
[Black "Sramek, Vojtech"]
[Result "1/2-1/2"]
[WhiteElo "2072"]
[BlackElo "2203"]
[PlyCount "51"]
[EventDate "2021.??.??"]

1. e4 c5 2. Nc3 Nc6 3. Bb5 Nd4 4. Nf3 e6 5. O-O a6 6. Bd3 Ne7 7. Nxd4 cxd4 8.
Ne2 Nc6 9. c3 Bc5 10. b4 Ba7 11. a4 O-O 12. b5 axb5 13. Bxb5 dxc3 14. dxc3 d5
15. exd5 exd5 16. Nd4 Qf6 17. Be3 Re8 18. Re1 Bd7 19. Qb3 Nxd4 20. Bxd4 Rxe1+
21. Rxe1 Bxd4 22. cxd4 Bxb5 23. Qxb5 g6 24. Qxd5 Rxa4 25. Qxb7 Rxd4 26. Qb8+
1/2-1/2

[Event "Stare Mesto 2021"]
[Site "?"]
[Date "2021.08.17"]
[Round "5.7"]
[White "Hurtak, Otto"]
[Black "Lajbl, Jan"]
[Result "0-1"]
[WhiteElo "2015"]
[BlackElo "2176"]
[PlyCount "84"]
[EventDate "2021.??.??"]

1. e4 e6 2. d4 d5 3. e5 b6 4. Nf3 Ne7 5. c3 Qd7 6. a4 a5 7. Na3 Ba6 8. Bxa6
Nxa6 9. O-O Ng6 10. h4 Bxa3 11. Rxa3 h5 12. Qd3 c5 13. Bd2 Ne7 14. Rc1 Nf5 15.
Raa1 O-O 16. Qb5 Qa7 17. b4 axb4 18. cxb4 Nc7 19. Qd3 c4 20. Qc3 Qb7 21. Ra3
Ra7 22. g3 Rfa8 23. Rca1 Qc6 24. b5 Qd7 25. Kg2 Qe8 26. Qb2 Qf8 27. Bb4 Qd8 28.
Qd2 f6 29. exf6 gxf6 30. Ng1 Kf7 31. Ne2 Qg8 32. Qf4 Qg4 33. Qxg4 hxg4 34. f3
gxf3+ 35. Kxf3 e5 36. dxe5 fxe5 37. g4 Nxh4+ 38. Kg3 Ng6 39. Rf3+ Kg7 40. Raf1
Ne6 41. Rf6 Ngf4 42. Nxf4 exf4+ 0-1

[Event "Stare Mesto 2021"]
[Site "?"]
[Date "2021.08.17"]
[Round "5.8"]
[White "Kapusta, Petr"]
[Black "Nemec, David"]
[Result "1-0"]
[WhiteElo "2145"]
[BlackElo "2055"]
[PlyCount "39"]
[EventDate "2021.??.??"]

1. e4 c5 2. Nf3 Nc6 3. d4 cxd4 4. Nxd4 g6 5. c4 Bg7 6. Be3 Nf6 7. Nc3 Ng4 8.
Qxg4 Nxd4 9. Qd1 Ne6 10. Rc1 d6 11. Be2 O-O 12. O-O Bd7 13. Qd2 Re8 14. Rfd1
Bc6 15. f3 a6 16. b3 Rb8 17. Nd5 b5 18. Nb4 Bd7 19. Nxa6 Rb7 20. Qd5 1-0